000 00547nam a22001577a 4500
003 LC
005 20231108094935.0
008 151202b xxu||||| |||| 00| 0 eng d
020 _a9788477118930
050 _aTR IB PC 4117 .H556 2011
100 _aHermoso, Alfredo Gonzalez
245 _aECO A1+A2 :
_bcurso modular de espaƱol lengua extranjera : cuaderno de refuerzo
_cAlfredo Gonzalez Hermoso, Carlos Romero Duenas
260 _aMadrid : Spain
_bEdelsa Grupo Didascalia, S.A
_c2011
300 _a96 pages.,
_bill.,
_c27 cm.
942 _2lcc
_cBK
999 _c288998
_d288998